[Event "10. Open Club Ajedrez Villaverde"]
[Site "Madrid ESP"]
[Date "2009.04.02"]
[Round "8.7"]
[White "Lozano Sanchez, Jose Antonio"]
[Black "Fuentes Arjona, Antonio"]
[Result "0-1"]
[WhiteElo "1958"]
[BlackElo "2043"]
[PlyCount "114"]
[EventDate "2009.03.23"]
[EventType "swiss"]
[EventRounds "8"]
[EventCountry "ESP"]
[Source "lmi"]
[SourceDate "2009.03.23"]

1. e4 c5 2. Nf3 Nc6 3. Bc4 g6 4. Nc3 Bg7 5. d3 Nf6 6. O-O d6 7. Bf4 O-O 8. h3
a6 9. a4 Qb6 10. Qd2 Nd4 11. Nxd4 cxd4 12. Nd5 Nxd5 13. Bxd5 e6 14. a5 Qc5 15.
b4 Qc7 16. Bb3 Bd7 17. Rfc1 Rfc8 18. Bh6 Bb5 19. Bxg7 Kxg7 20. f4 Qc3 21. Qe1
Bxd3 22. Bxe6 Qxe1+ 23. Rxe1 Rxc2 24. Bd5 Rb8 25. Red1 Bc4 26. Rxd4 Bxd5 27.
exd5 Re8 28. Ra3 Ree2 29. Rg3 Red2 30. Rdd3 Rb2 31. Rxd2 Rxd2 32. Rb3 Rxd5 33.
Kf2 f5 34. Ke3 Rb5 35. Kd4 Kf6 36. Kc4 h5 37. h4 d5+ 38. Kd4 Ke6 39. Re3+ Kd6
40. Rb3 b6 41. axb6 Rxb6 42. Rg3 Rxb4+ 43. Kc3 Rxf4 44. Rxg6+ Ke5 45. Rxa6 Rxh4
46. Kd3 Rg4 47. Rh6 Rg3+ 48. Ke2 Rxg2+ 49. Kf3 Rh2 50. Kg3 Rh1 51. Kg2 Rh4 52.
Kg3 Rg4+ 53. Kf3 h4 54. Rh8 Rg3+ 55. Kf2 Rg4 56. Kf3 Rf4+ 57. Ke3 d4+ 0-1

[Event "10. Open Club Ajedrez Villaverde"]
[Site "Madrid ESP"]
[Date "2009.04.02"]
[Round "8.8"]
[White "Adeyemi, Adedeji"]
[Black "Abul, Qasem"]
[Result "0-1"]
[WhiteElo "1909"]
[BlackElo "2026"]
[PlyCount "79"]
[EventDate "2009.03.23"]
[EventType "swiss"]
[EventRounds "8"]
[EventCountry "ESP"]
[Source "lmi"]
[SourceDate "2009.03.23"]

1. d4 Nf6 2. Bg5 Ne4 3. Bf4 c5 4. d5 Qb6 5. Qc1 c4 6. e3 Qa5+ 7. c3 Qxd5 8. Na3
b5 9. f3 Nf6 10. e4 Qc6 11. Ne2 a6 12. Nd4 Qb7 13. Nac2 d6 14. Bg5 Nbd7 15. a4
e5 16. Nf5 Nc5 17. Qe3 Bxf5 18. exf5 Nd5 19. Qf2 Nxa4 20. Ne3 Ndb6 21. f6 g6
22. O-O-O h6 23. Qh4 O-O-O 24. Ng4 h5 25. g3 Qxf3 26. Bh3 Kc7 27. Ne3 Qc6 28.
Bg2 Qe8 29. Nc2 Bh6 30. Bxh6 Rxh6 31. Nb4 Nc5 32. Nc6 Rd7 33. Ne7 Rh8 34. Bc6
Qf8 35. Bxd7 Kxd7 36. g4 hxg4 37. Qxg4+ Kc7 38. h4 Nd3+ 39. Kc2 Qa8 40. Rh2 0-1

[Event "10. Open Club Ajedrez Villaverde"]
[Site "Madrid ESP"]
[Date "2009.04.02"]
[Round "8.9"]
[White "Martin Rodriguez, Emilio"]
[Black "Alcala Cuesta, Miguel"]
[Result "1-0"]
[WhiteElo "2133"]
[BlackElo "1815"]
[PlyCount "120"]
[EventDate "2009.03.23"]
[EventType "swiss"]
[EventRounds "8"]
[EventCountry "ESP"]
[Source "lmi"]
[SourceDate "2009.03.23"]

1. e4 d5 2. exd5 Qxd5 3. Nc3 Qa5 4. d4 Nf6 5. Nf3 Bg4 6. h3 Bxf3 7. Qxf3 c6 8.
Bd2 Nbd7 9. Bc4 e6 10. O-O Qc7 11. Rfe1 O-O-O 12. a3 Nb6 13. Bd3 Rxd4 14. Ne2
Rd8 15. Ba5 Qd6 16. Rad1 Qd5 17. Qxd5 Rxd5 18. Bd2 Be7 19. Be3 Rhd8 20. Nc3
R5d7 21. Be2 Rxd1 22. Rxd1 Rxd1+ 23. Nxd1 Kc7 24. c4 c5 25. Nc3 a6 26. b3 Bd6
27. Bd3 Nbd7 28. a4 Ne5 29. Bc2 Nc6 30. Ne4 Nxe4 31. Bxe4 h6 32. Kf1 b6 33. g4
Nd4 34. Bxd4 cxd4 35. Ke2 f5 36. gxf5 exf5 37. Bxf5 a5 38. Kd3 Bc5 39. f3 Kd6
40. Ke4 Ke7 41. Kd5 Kf6 42. Bd3 Ke7 43. Kc6 Kd8 44. h4 g5 45. h5 Kc8 46. Bf5+
Kb8 47. b4 axb4 48. a5 Ka7 49. axb6+ Bxb6 50. c5 Ba5 51. Kb5 Bd8 52. Kxb4 Kb7
53. Kc4 Be7 54. Kxd4 Kc7 55. Kd5 Bf8 56. c6 Ba3 57. Bd7 Bb4 58. Ke6 Ba3 59. Kf5
Bb4 60. Kg6 Bf8 1-0

[Event "10. Open Club Ajedrez Villaverde"]
[Site "Madrid ESP"]
[Date "2009.04.02"]
[Round "8.13"]
[White "Keller, August"]
[Black "Ananian, Arman"]
[Result "0-1"]
[WhiteElo "1789"]
[BlackElo "1702"]
[PlyCount "104"]
[EventDate "2009.03.23"]
[EventType "swiss"]
[EventRounds "8"]
[EventCountry "ESP"]
[Source "lmi"]
[SourceDate "2009.03.23"]

1. e4 e5 2. Nf3 d6 3. d4 exd4 4. Nxd4 Nc6 5. Bb5 Bd7 6. c3 a6 7. Nxc6 Bxc6 8.
Bxc6+ bxc6 9. Qa4 Ne7 10. Bg5 f6 11. Be3 g6 12. Nd2 Bg7 13. O-O O-O 14. Rad1 c5
15. Nc4 Qc8 16. Rd2 Qe6 17. f3 f5 18. Bf2 fxe4 19. fxe4 Rf4 20. Qb3 Rxe4 21.
Na5 Qxb3 22. Nxb3 Rf8 23. Re1 Rxe1+ 24. Bxe1 Nf5 25. Bf2 a5 26. a4 Rb8 27. Nc1
Bh6 28. Rc2 Bxc1 29. Rxc1 Rxb2 30. Ra1 Rc2 31. g4 Nh6 32. h3 Rxc3 33. Kg2 Rc2
34. Kg3 Nf7 35. Be1 Rb2 36. Bxa5 Rb7 37. Bc3 Rb3 38. Rc1 Ra3 39. a5 Nd8 40. Kf4
Nc6 41. Bf6 Rxa5 42. Kg5 Ra3 43. h4 Rf3 44. Ra1 Kf7 45. Bh8 c4 46. h5 gxh5 47.
gxh5 c3 48. Kg4 Rd3 49. Rc1 Nb4 50. Bxc3 Nd5 51. Ba5 Nf6+ 52. Kg5 Rd5+ 0-1

[Event "10. Open Club Ajedrez Villaverde"]
[Site "Madrid ESP"]
[Date "2009.04.02"]
[Round "8.14"]
[White "Sierra Bermejo, Gregorio"]
[Black "Cortijo Manso, Luis"]
[Result "0-1"]
[WhiteElo "1775"]
[BlackElo "1696"]
[PlyCount "106"]
[EventDate "2009.03.23"]
[EventType "swiss"]
[EventRounds "8"]
[EventCountry "ESP"]
[Source "lmi"]
[SourceDate "2009.03.23"]

1. c4 Nf6 2. Nc3 e5 3. Nf3 Nc6 4. e3 d5 5. cxd5 Nxd5 6. Bb5 Nxc3 7. bxc3 e4 8.
Nd4 Bd7 9. Nxc6 bxc6 10. Bc4 Bd6 11. Qc2 Qe7 12. Bb2 O-O 13. d4 Bf5 14. Bb3 Qg5
15. g3 Qg4 16. Qe2 Qxe2+ 17. Kxe2 Rab8 18. Rab1 c5 19. d5 Bd7 20. Kd2 Rb6 21.
Bc2 Rfb8 22. Ba3 f5 23. Rxb6 cxb6 24. h4 h5 25. Bd1 g6 26. Be2 b5 27. Bb2 b4
28. Bc4 a5 29. Ra1 Bb5 30. Bxb5 Rxb5 31. c4 Rb7 32. Bf6 a4 33. Kc2 Kf7 34. Bb2
a3 35. Bc1 Ra7 36. Kb3 Kf6 37. Bd2 g5 38. hxg5+ Kxg5 39. Rh1 Rh7 40. Rh4 Rg7
41. Bc1 Kh6 42. Bd2 Rg4 43. Rxg4 fxg4 44. Bc1 Kg5 45. Ka4 Kf6 46. Kb5 Ke7 47.
Kc6 Be5 48. Kxc5 b3 49. Bxa3 bxa2 50. Kc6+ Kd8 51. d6 a1=Q 52. Bc5 Qa8+ 53. Kb5
Kd7 0-1

[Event "10. Open Club Ajedrez Villaverde"]
[Site "Madrid ESP"]
[Date "2009.04.02"]
[Round "8.15"]
[White "Vazquez Moreno, Luis"]
[Black "Gutierrez Garcia, Alberto"]
[Result "1-0"]
[WhiteElo "1707"]
[BlackElo "1738"]
[PlyCount "55"]
[EventDate "2009.03.23"]
[EventType "swiss"]
[EventRounds "8"]
[EventCountry "ESP"]
[Source "lmi"]
[SourceDate "2009.03.23"]

1. e4 e5 2. Nf3 Nc6 3. Bc4 Nf6 4. Ng5 d5 5. exd5 Nd4 6. c3 b5 7. Bf1 Nf5 8.
Bxb5+ Bd7 9. Bxd7+ Qxd7 10. c4 h6 11. Nf3 Bd6 12. d4 e4 13. Ne5 Bxe5 14. dxe5
Nh7 15. Nc3 e3 16. Qa4 Qxa4 17. Nxa4 O-O 18. Nc5 Rfe8 19. e6 fxe6 20. Nxe6
exf2+ 21. Kxf2 Re7 22. Re1 Nd6 23. b3 Nf8 24. Ba3 Nxe6 25. Bxd6 cxd6 26. Rxe6
Rf8+ 27. Kg3 Rf5 28. Rxe7 1-0

[Event "10. Open Club Ajedrez Villaverde"]
[Site "Madrid ESP"]
[Date "2009.04.02"]
[Round "8.16"]
[White "Martinez Miura, Enrique"]
[Black "Garcia Lopez, Fernando"]
[Result "1-0"]
[WhiteElo "1735"]
[BlackElo "1695"]
[PlyCount "65"]
[EventDate "2009.03.23"]
[EventType "swiss"]
[EventRounds "8"]
[EventCountry "ESP"]
[Source "lmi"]
[SourceDate "2009.03.23"]

1. e4 e5 2. Nf3 Nc6 3. Bb5 a6 4. Ba4 Nf6 5. O-O Be7 6. Re1 b5 7. Bb3 d6 8. h3
Nd4 9. Nxd4 exd4 10. d3 O-O 11. c3 dxc3 12. Nxc3 Bb7 13. Bf4 Nd7 14. d4 Nb6 15.
Qg4 b4 16. Na4 Bc8 17. Qf3 Nxa4 18. Bxa4 Bd7 19. Bb3 Bb5 20. e5 dxe5 21. dxe5
Qd3 22. Be3 Qd8 23. Rad1 Qc8 24. Qg3 Kh8 25. Bg5 Bxg5 26. Qxg5 c5 27. Re3 c4
28. Rg3 Rg8 29. Bc2 h6 30. Qh4 Qe6 31. Rd6 g5 32. Rxe6 gxh4 33. Rxh6# 1-0